1541 1391 1272 1526 1401 1140 1257 1788 1855 1495 1839 1269 1353 1395 1617 1333 1087 1666 1467 1291 1795 1041 1407 1742 1690 1168 1155 1394 1939 1947 1671 1714 1004 1118 1571 1339 1841 1417 1209 1510 1396 1429 1116 1060 1614 1610 1287 1043 1703 1763 1572 1640 1483 1661 1215 1593 1851 1163 1847 1021 1230 1746 1956 1809 1951 1934 1675 1935 1630 1851 1768 1458 1465 1585 1845 1772 1239 1592 1306 1854 1974 1780 1361 1805 1310 1838 1098 1696 1917 1876 1888 1836 1165 1321 1829 1728 1963 1449 1221 BCNSPRNW ULIB Ver.6.0+V

เปลี่ยนเป็นภาษาไทย

Change to English
 แสดงรายละเอียดบรรณานุกรม
  กลับหน้าหลัก

Brief Record : Get Marc (ISO 2709) : E-mail record : QR code < ปิดหน้าต่าง
LEADER : 00000nam 2200000uu 4500
001    13399124276
003     ULIB
008    150216s2557 000 0 tha d d
020    ^a9789740331766
060  4 ^aWB2541^bส191ก
100 0  ^aสนธยา สีละมาด
245 10 ^aกิจกรรมทางกายเพื่อสุขภาวะ /^cสนธยา สีละมาด
246 0  ^aPhysical activities for wellness
250    ^aพิมพ์ครั้งที่ 1
260    ^aกรุงเทพฯ : ^bสำนักพิมพ์แห่งจุฬาลงกรณ์มหาวิทยาลัย, ^c2557.
300    ^a436 หน้า : ^bภาพประกอบ
650  7 ^aการออกกำลังกาย
945    ^p270^l0^i039233
945    ^p270^l0^i039234
945    ^p270^l0^i039235
945    ^p270^l0^i039236
945    ^p270^l0^i039237
999    ^aทศพร
รายการนี้ยังไม่มีแท็ก
คุณยังไม่ได้ล็อกอิน คุณสามารถมีกิจกรรมร่วมกับเว็บไซต์ได้ แต่ต้องล็อกอินก่อน ::
  ล็อกอิน

รายการสื่อสารสนเทศ

ลำดับที่ ประเภท เลขเรียก/บาร์โค้ด สถานที่ สถานะ
1. วิทยาศาสตร์การแพทย์ และสุขภาพ
วิทยาศาสตร์การแพทย์ และสุขภาพ
สถานะ=หนังสือเก่า
WB2541 ส191ก ฉ.1 
  Barcode: 039233
ห้องสมุดวิทยาเขตสวรรค์ประชารักษ์
►ส่วนจัดเก็บหนังสือเก่า สปร
บนชั้น
  ขอยืม
2. วิทยาศาสตร์การแพทย์ และสุขภาพ
วิทยาศาสตร์การแพทย์ และสุขภาพ
สถานะ=หนังสือเก่า
WB2541 ส191ก ฉ.2 
  Barcode: 039234
ห้องสมุดวิทยาเขตสวรรค์ประชารักษ์
►ส่วนจัดเก็บหนังสือเก่า สปร
บนชั้น
  ขอยืม
3. วิทยาศาสตร์การแพทย์ และสุขภาพ
วิทยาศาสตร์การแพทย์ และสุขภาพ
สถานะ=หนังสือเก่า
WB2541 ส191ก ฉ.3 
  Barcode: 039235
ห้องสมุดวิทยาเขตสวรรค์ประชารักษ์
►ส่วนจัดเก็บหนังสือเก่า สปร
บนชั้น
  ขอยืม
4. วิทยาศาสตร์การแพทย์ และสุขภาพ
วิทยาศาสตร์การแพทย์ และสุขภาพ
สถานะ=หนังสือเก่า
WB2541 ส191ก ฉ.4 
  Barcode: 039236
ห้องสมุดวิทยาเขตสวรรค์ประชารักษ์
►ส่วนจัดเก็บหนังสือเก่า สปร
บนชั้น
  ขอยืม
5. วิทยาศาสตร์การแพทย์ และสุขภาพ
วิทยาศาสตร์การแพทย์ และสุขภาพ
สถานะ=หนังสือเก่า
WB2541 ส191ก ฉ.5 
  Barcode: 039237
ห้องสมุดวิทยาเขตสวรรค์ประชารักษ์
►ส่วนจัดเก็บหนังสือเก่า สปร
บนชั้น
  ขอยืม

รายการใกล้เคียง
    ผู้แต่ง [สนธยา สีละมาด]

    หัวเรื่อง [การออกกำลังกาย]

BibComment


ยังไม่เคยถูกคอมเมนท์

คอมเมนท์ทรัพยากรรายการนี้
  คอมเมนท์: กิจกรรมทางกายเพื..


 Copyright 2026. Bcnsprnw @Library